[Event "NRW-ch U12"]
[Site "Kranenburg"]
[Date "2007.04.12"]
[Round "5"]
[White "Yu, Roland"]
[Black "Zimmermann, Artur"]
[Result "1/2-1/2"]
[WhiteElo "1219"]
[BlackElo "1316"]
[PlyCount "28"]
[EventDate "2007.04.09"]
[EventType "swiss"]
[EventRounds "7"]
[EventCountry "GER"]
[SourceTitle "EXT 2008"]
[Source "ChessBase"]
[SourceDate "2007.11.25"]
[SourceVersion "1"]
[SourceVersionDate "2007.11.25"]
[SourceQuality "1"]

1. e4 e5 2. Nf3 Nc6 3. Bc4 Bc5 4. d3 d6 5. Bg5 Nf6 6. Nc3 h6 7. Bh4 g5 8. Bg3 Bg4 9. h3 Bh5 10. Bh2 g4 11. hxg4 Bxg4 12. Bg3 Nd4 13. Bh4 c6 14. Na4 Bxf3 1/2-1/2